000 00938nam a2200289 i 4500
003 OSt
005 20220706131549.0
008 220705s2021 my gr 000 1 may
020 _a9789672891260
_qpaperback
_cRM15.00
040 _aPPAK
_beng
_cPPAK
_erda
082 0 4 _a808.882
_223
090 0 0 _a808.882
_bMEN
_dK
245 1 0 _aMenjejaki Kasih Leluhur /
_cPenyelenggara: ADILAH BINTI ABBAS ; Penyelenggara bersama: JUNAIDAH BINTI MD YUSOH.
264 1 _aAyer Keroh, Melaka :
_bSYFE - WACANA MBM
_c2021
300 _a87 pages ;
_c22 cm
336 _atext
_2rdacontent
337 _aunmediated
_2rdamedia
338 _avolume
_2rdacarrier
490 1 _aAntologi Cerpen Kanak-kanak
650 1 0 _aAnecdotes
650 1 0 _aChildren's stories
650 2 0 _aCreative writing
700 0 _aAdilah binti Abbas,
_eorganizer.
700 0 _aJunaidah binti Md Yusoh,
_eorganizer.
830 0 _aAntologi Cerpen Kanak-kanak
942 _2ddc
_cB
999 _c188209
_d188209